• 首页
  • 本馆介绍
  • 公告通知
  • 最新文献
  • 馆藏检索
  • 电子资源
  • 读者荐购
  • 参考咨询
  • CALIS
  • 我的图书馆
  • 登录
  • 详细信息显示
  • 放入我的书架
  • 预约/预借图书
  • 作者相关作品
  • 分类相关作品
  • 丛书相关作品
  • 出版社相关作品

书目信息

  • 表格格式
  • 工作单格式
  • 卡片格式
题名:
深入理解LINUX内核
    
 
作者: 博韦特, , 西塞提, 著
分册:  
出版信息: 南京   东南大学出版社  2006.04
页数: 923页
开本: 23cm
丛书名:
单 册:
中图分类: TP316.89
科图分类:
主题词: LINUX操作系统--LINUX cao zuo xi tong--教材--英文
电子资源:
ISBN: 7-5641-0276-4
 
 
 
 
 
000 00993nam0 2200253 450
001 012006460859
005 20061219092518.09
010    @a7-5641-0276-4@dCNY98.00
100    @a20061122d2006 km y0chiy0120 ea
101 0  @aeng
102    @aCN@b320000
105    @aa z 000yy
200 1  @a深入理解LINUX内核@Ashen ru li jie LINUX nei he@f(意) 博韦特 (Bovet, P. D.), 西塞提 (Cesati, M.) 著@F(yi)bo wei te(Bovet,P.D.),xi sai ti(Cesati,M.)zhu
205    @a影印版
210    @a南京@c东南大学出版社@d2006.04
215    @a923页@c图@d23cm
305    @a据原文第3版影印
330    @a本书指导你对内核中使用的最重要的数据结构、算法和程序设计诀窍进行一次篇历。全书涵盖的不仅仅是代码的功能,还解释了Linux以自己的方式工作的理论基础。
606 0  @aLINUX操作系统@ALINUX cao zuo xi tong@j教材@x英文
690    @aTP316.89@v4
701  1 @a博韦特,@Abo wei te,@bP. D.@g(Bovet, P. D.)@4著
701  1 @a西塞提,@Axi sai ti,@bM.@g(Cesati, M.)@4著
801  0 @aCN@c20061219
905    @a10447@dTP316.89@eB961
    
    深入理解LINUX内核/(意) 博韦特 (Bovet, P. D.), 西塞提 (Cesati, M.) 著.-影印版.-南京:东南大学出版社,2006.04
    923页:图;23cm
    
    
    ISBN 7-5641-0276-4:CNY98.00
    本书指导你对内核中使用的最重要的数据结构、算法和程序设计诀窍进行一次篇历。全书涵盖的不仅仅是代码的功能,还解释了Linux以自己的方式工作的理论基础。
●
相关链接 在E读中查询图书 在当当中查询图书 在豆瓣中查询图书


正题名:深入理解LINUX内核     索取号:TP316.89/B961         预约/预借

序号 登录号 条形码 馆藏地/架位号 状态 备注
1 228749   202287499   自科库301/301自科库 59排1列5层/ [索取号:TP316.89/B961] 在馆    
河南城建学院图书馆 欢迎您!
大连网信软件有限公司© 版权所有